Capitales les plus proches de Cayenne - Statistiques

Statistiques générales
  • Ce quiz a été pris 88 fois
  • Le résultat moyen est 9 sur 15
Statistiques - réponses
Distance Capitale % Correct
Distance à vol d'oiseau (mais pas de ligne aérienne) 1702 Brasilia
94%
Distance à vol d'oiseau (mais pas de ligne aérienne) 1723 Caracas
77%
Distance à vol d'oiseau (mais pas de ligne aérienne) 330 Paramaribo
73%
Distance à vol d'avion (seule capitale desservie depuis Cayenne) 7083 Paris
73%
Distance à vol d'oiseau (mais pas de ligne aérienne) 679 Georgetown
70%
Distance à vol d'oiseau (mais pas de ligne aérienne) 1337 Kingstown
58%
Distance à vol d'oiseau (mais pas de ligne aérienne) 1196 Port d'Espagne
54%
Distance à vol d'oiseau (mais pas de ligne aérienne) 1385 Castries
51%
Distance à vol d'oiseau (mais pas de ligne aérienne) 2647 Port-au-Prince
48%
Distance à vol d'oiseau (mais pas de ligne aérienne) 1519 Roseau
48%
Distance à vol d'oiseau (mais pas de ligne aérienne) 2429 Saint-Domingue
46%
Distance à vol d'oiseau (mais pas de ligne aérienne) 1211 Bridgetown
43%
Distance à vol d'oiseau (mais pas de ligne aérienne) 1303 Saint-Georges
41%
Distance à vol d'oiseau (mais pas de ligne aérienne) 1706 Saint John's
40%
Distance à vol d'oiseau (mais pas de ligne aérienne) 1780 Basseterre
35%
Aucun quiz correspondant
Distribution des résultats
% des personnes avec chaque résultat
Percentile par nombre de réponses
Votre historique - résultats
Vous n’avez pas pris ce quiz